LEADER 02407nam 2200601 450 001 9910798200003321 005 20230808191537.0 010 $a0-8308-9981-2 035 $a(CKB)3710000000583786 035 $a(EBL)4388718 035 $a(SSID)ssj0001602492 035 $a(PQKBManifestationID)16198220 035 $a(PQKBTitleCode)TC0001602492 035 $a(PQKBWorkID)14821449 035 $a(PQKB)11318940 035 $a(PQKBManifestationID)16313211 035 $a(PQKB)24146129 035 $a(MiAaPQ)EBC4388718 035 $a(DLC) 2015042607 035 $a(Au-PeEL)EBL4388718 035 $a(CaPaEBR)ebr11152326 035 $a(OCoLC)928136904 035 $a(EXLCZ)993710000000583786 100 $a20160215h20162016 uy 0 101 0 $aeng 135 $aur|n|---||||| 181 $ctxt 182 $cc 183 $acr 200 10$aFrom topic to thesis $ea guide to theological research /$fMichael Kibbe 210 1$aDowners Grove, Illinois :$cIVP Academic,$d2016. 210 4$d©2016 215 $a1 online resource (156 p.) 300 $aIncludes index. 311 $a0-8308-5131-3 320 $aIncludes bibliographical references and index. 327 $aFinding direction -- Gathering sources -- Understanding issues -- Entering discussion -- Establishing position -- Things you should never do in a theological research paper -- Theological research and writing tools -- Scholarly sources for theological research -- Online research databases (ATLA) -- Bibliography software (Zotero) -- A suggested timeline for theological research papers. 330 $aEvery theology student has to write a research paper, but many do not know how to go about doing theological research. In this brief guide, Michael Kibbe introduces students to the basics of academic research, including how to gather and engage different sources, use online databases and bibliography software, and avoid common mistakes. 606 $aTheology$xResearch 606 $aTheology$xAuthorship 606 $aAcademic writing 615 0$aTheology$xResearch. 615 0$aTheology$xAuthorship. 615 0$aAcademic writing. 676 $a230.072 700 $aKibbe$b Michael$f1980-$01525190 801 0$bMiAaPQ 801 1$bMiAaPQ 801 2$bMiAaPQ 906 $aBOOK 912 $a9910798200003321 996 $aFrom topic to thesis$93766379 997 $aUNINA LEADER 02076nas 2200433 n 450 001 990008977670403321 005 20240229084311.0 011 $a0390-2439 035 $a000897767 035 $aFED01000897767 035 $a(Aleph)000897767FED01 035 $a000897767 091 $2CNR$aP 00046132 100 $a20161109a19749999km-y0itaa50------ba 101 0 $aita 102 $aIT 110 $aauu-------- 200 1 $aInformatica & documentazione 207 1$a1974- 210 $aRoma$cINFORAV 421 0$12001$aInformatica e documentazione. Supplements 530 0 $aInformatica & documentazione 675 $a681.3 675 $a02 675 $a002 712 02$aIstituto per lo Sviluppo e la Gestione Avanzata dell'Informazione 801 0$aIT$bACNP$c20090723 859 4 $uhttp://acnp.cib.unibo.it/cgi-ser/start/it/cnr/dc-p1.tcl?catno=31743&person=false&language=ITALIANO&libr=&libr_th=unina1$zBiblioteche che possiedono il periodico 901 $aSE 912 $a990008977670403321 958 $aBiblioteca. Dipartimento di Storia dell'Architettura e Restauro$b1978;$c1978;$fDARST 958 $aBiblioteca Interdipartimentale di Ingegneria Elettrica, Elettronica e delle Telecomunicazioni, Informatica e Sistemistica. Universitą degli studi di Napoli "Federico II"$b1977-1978;1980;$eC6$fDINEL 959 $aDARST 959 $aDINEL 996 $aInformatica & documentazione$9792955 997 $aUNINA AP1 8 $6866-01$aNA089 Biblioteca. Dipartimento di Storia dell'Architettura e Restauro$eVia Monteoliveto, 3, 80134 Napoli (NA)$m0812538077$m0812538010$nit AP1 8 $6866-02$aNA106 Biblioteca Interdipartimentale di Ingegneria Elettrica, Elettronica e delle Telecomunicazioni, Informatica e Sistemistica. Universitą degli studi di Napoli "Federico II"$bC6$eVia Claudio,21, 80125 Napoli (NA)$m081/7683242-3533$m0817683242$nit AP2 40$aacnp.cib.unibo.it$nACNP Italian Union Catalogue of Serials$uhttp://acnp.cib.unibo.it/cgi-ser/start/it/cnr/df-p.tcl?catno=31743&language=ITALIANO&libr=&person=&B=1&libr_th=unina&proposto=NO